| 000 | 00433nam a22001697a 4500 | ||
|---|---|---|---|
| 005 | 20250621100004.0 | ||
| 008 | 250621b |||||||| |||| 00| 0 eng d | ||
| 020 |
_a9780340970157 _qpbk |
||
| 041 | _aeng | ||
| 082 | _a823.92 LLO | ||
| 100 | _aLloyd Saci | ||
| 245 |
_aThe Carbon Diaries 2015 _c/ Saci Lloyd |
||
| 250 | _a1st ed | ||
| 260 |
_aBritain _bHodder childrens book _c2008 |
||
| 300 |
_a379p. : _c22cm |
||
| 942 | _cENGLISH | ||
| 999 |
_c573269 _d573269 |
||